Races, Tribus et Peuples de One Piece - Statistiques

Statistiques générales
  • Ce quiz a été pris 1 067 fois
  • Le résultat moyen est 5 sur 30
Statistiques - réponses
Personnage Race, Tribu ou Peuple % Correct
Lindbergh Minks
79%
Loki Géants
56%
Ideo Longs-Bras
46%
Charlotte Smoothie Longues-Jambes
46%
Namur Hommes-Poissons
45%
Nefertari Vivi Humains
37%
Charlotte Pudding Trois-Yeux
35%
King Lunarias
22%
Léo Nains
22%
Barbe Brune Centaures
21%
Monet Harpies
19%
Aisa Shandias
16%
Nika Sirènes
15%
Margaret Kujas
12%
Conis Skypiéns
11%
Tribu apparue que dans l'animé (épisode 812), porte les signes distinctifs de la tribu d'Ideo et de celle de Charlotte Smoothie Longs-Membres
9%
Nekomamushi Cyborgs
8%
Esprit de l'eau qui habite sur un navire Klabautermann
7%
Misery Homies
5%
Dellinger Semi-Triton
5%
Charlotte Amande Serpentins
5%
Big Pan Wotan
4%
SZ 900 Zombies
4%
Urouge Balkans
3%
Milo Jouets
3%
Inazuma Okamas
3%
Sous fifres de César Clown sur Punk Hazard Satyres
3%
Tribu de guerriers cannibales d'East Blue apparue lors d'une mini-aventure de Baggy Kumate
2%
Général Galaxy Spaceys
2%
Un seul membre est connu de cette race, qui peut aussi être appelé "Peuple Champignon" Kinokobitos
1%
Aucun quiz correspondant
Distribution des résultats
% des personnes avec chaque résultat
Percentile par nombre de réponses
Votre historique - résultats
Vous n’avez pas pris ce quiz